Statistiques concernant Qui suis-je ? Football 2023 #4

Cliquez ici pour prendre le quiz!

Statistiques générales

  • Ce quiz a été pris 400 fois
  • Le résultat moyen est 4 sur 8

Statistiques - réponses

Réponse% Correct
Gavi
93%
Simons
90%
Gvardiol
59%
Garnacho
57%
Kvaratskhelia
56%
Adeyemi
44%
Vanderson
35%
Smith-Rowe
11%

Distribution des résultats

Percentile par nombre de réponses

% des personnes avec chaque résultat

Votre développement - résultats

Vous n’avez pas pris ce quiz